Hitchcock y Selznick : la rica y desconocida colaboración de Alfred Hitchcock y David O. Selznick en Hollywood /

Enregistré dans:
Détails bibliographiques
Auteur principal: Leff, Leonard J. (autor)
Format: Livre
Langue:espagnol
Publié: Barcelona, España : Laertes, 1991, c1991
Collection:(Kaplan ; 3)
Sujets:
Tags: Ajouter un tag
Pas de tags, Soyez le premier à ajouter un tag!

MARC

LEADER 00000nam^a2200000^a^4500
001 000300420
005 20250521000000.0
009 20260310112507.367
020 |a 84-7584-183-X 
037 |a Acervo ITESO - Biblioteca 
041 |a ESP 
082 |a 302. 2350973  |b LEF 
100 |a Leff, Leonard J.  |e (autor) 
245 1 0 |a Hitchcock y Selznick :  |b la rica y desconocida colaboración de Alfred Hitchcock y David O. Selznick en Hollywood /  |c L.J. Leff ; tr. por Amalia Peradejordi. 
264 4 |a Barcelona, España :  |b Laertes,  |c 1991, c1991 
300 |a 461 p. 
336 |a texto  |b txt  |2 rdacontenido 
337 |a sin mediación  |b n  |2 rdamedio 
338 |a volumen  |b nc  |2 rdasoporte 
440 1 |a (Kaplan ;  |v 3) 
500 |a Traducción de: Hitchcock & Selznick: The Rich and Strange Collaboration of Alfred Hitchcock and David O. Selznick in Hollywood 
545 0 |a Alfred Hitchcock, nacido en Londres en 1899 y muerto en Los Angeles en 1980, ha sido muy probablemente el director de cine más conocido por los públicos masivos de todo el mundo, que le identifican como el amo del suspenso. Hitchcock desarrolla una carrera fílmica que se extiende durante más de medio siglo (1920-1976), atraviesa el cine mudo y la primera década de cine sonoro en Inglaterra y a partir de su emigración a Estados Unidos en 1940, uno de los períodos más fructíferos del cine norteamericano. Asesinato (1930), El número 17 (1932), El hombre que sabía demasiado (1934), El agente secreto (1936), Rebeca (1940), Náufragos (1943), La sombra de una duda (1942), La soga (1948), Pacto siniestro (1951), Mi secreto me condena (1953), Con M de muerte (1954), La ventana indiscreta (1954), El hombre equivocado (1956), Vértigo/De entre los muertos (1958), Intriga internacional (1959), Psicosis (1960) y Los pájaros (1963) son algunos de los títulos emblemáticos de una filmografía formada por sólidas narraciones, dirigidas impecablemente, en las que Hitchcock dota de densidad y fascinación al género policíaco y expresa un interés particular por el inocente injustamente acusado. Su legado comprende además El cine según Hitchcock, serie de conversaciones sostenidas con su colega francés François Truffaut, que ha devenido un libro modelo para estudios similares que han sido realizados posteriormente sobre otros directores de cine. 
649 |a XX 
650 |a Cineastas Ingleses -  |x Filmografías 
650 |a Cineastas Ingleses -  |x Biografías 
650 |a Productores (Medios de Comunicación) -  |z EUA -  |x Filmografías 
650 |a Productores (Medios de Comunicación) -  |z EUA -  |x Biografías 
650 |a Cine Norteamericano -  |x Historia y Crítica 
650 |a Cine Norteamericano -  |y 1940-1949 
650 |a Cine Norteamericano -  |y Siglo XX 
650 |a Hitchcock, Alfred -  |x Tema Principal 
650 |a Selznick, David O. -  |x Tema Principal 
910 |a Fondo General 
920 |a Impresos - Libros 
930 |a Colección General 
905 |a 101 
901 |a 0500186191  |b IT1  |c ACC  |i C121842  |u 20250521 
902 |a https://opac.biblio.iteso.mx/vufind/Record/000300420